[Event "33.Schlosspark-Open"]
[Site "Wiesbaden-Biebrich"]
[Date "2024.08.24"]
[Round "4.1"]
[White "Nesar, Abdul Musawer"]
[Black "Carow, Johannes"]
[Result "0-1"]
[WhiteElo "2192"]
[BlackElo "2465"]
[PlyCount "72"]
[EventDate "2024.08.22"]
[WhiteTeam "Sfr Stiller Zug Wiesbaden"]
[BlackTeam "Sfr.Heidesheim"]

1. Nf3 Nf6 2. g3 g6 3. Bg2 Bg7 4. O-O O-O 5. d4 d5 6. c4 Nc6 7. cxd5 Nxd5 8. Nc3 Nb6 9. d5 Na5 10. e4 c6 11. dxc6 Nxc6 12. Bf4 Be6 13. Qc1 Nc4 14. Bh6 Rc8 15. Bxg7 Kxg7 16. b3 N4e5 17. Qb2 Nxf3+ 18. Bxf3 Qd4 19. Nd1 Rfd8 20. Rb1 Bh3 21. Bg2 Bxg2 22. Kxg2 Ne5 23. f3 f6 24. Qxd4 Rxd4 25. Rb2 Nd3 26. Re2 Nb4 27. Ne3 Rc3 28. h4 h5 29. Rfe1 Kf7 30. g4 Nd3 31. gxh5 Nxe1+ 32. Rxe1 gxh5 33. Nf5 Rd2+ 34. Kg3 Rdd3 35. Nh6+ Kg6 36. Nf5 e6 0-1

[Event "33.Schlosspark-Open"]
[Site "Wiesbaden-Biebrich"]
[Date "2024.08.24"]
[Round "4.2"]
[White "Milov, Leonid"]
[Black "Waffenschmidt, Joachim"]
[Result "1-0"]
[WhiteElo "2429"]
[BlackElo "2008"]
[PlyCount "111"]
[EventDate "2024.08.22"]
[WhiteTeam "SC Noris-Tarrasch Nürnberg 1873"]
[BlackTeam "SV 1920 Hofheim"]

1. c4 c6 2. Nf3 d5 3. g3 Nf6 4. d4 g6 5. Bg2 Bg7 6. O-O O-O 7. a4 a5 8. cxd5 cxd5 9. Qb3 Nc6 10. Nc3 Nb4 11. Nb5 Bd7 12. Bd2 Bxb5 13. axb5 Qd6 14. Ra4 Ne4 15. Bc3 b6 16. Rd1 Rac8 17. e3 e6 18. Nd2 Nf6 19. Nb1 Rc7 20. Bxb4 axb4 21. Rxb4 Rfc8 22. Nc3 Bf8 23. Ra4 Rc4 24. Rda1 Rb4 25. Rxb4 Qxb4 26. Qxb4 Bxb4 27. Bf3 Ne8 28. Na4 Nd6 29. Nxb6 Rb8 30. Nd7 Rxb5 31. Be2 Ra5 32. Rb1 Ne4 33. Ne5 Nd2 34. Rc1 Bd6 35. Rc6 Bxe5 36. dxe5 Ra1+ 37. Kg2 Rb1 38. Rc2 Nb3 39. Bb5 Na1 40. Rc8+ Kg7 41. Be8 Rxb2 42. Rc7 Kf8 43. Bxf7 Rb6 44. Kf3 Nb3 45. Kf4 Nd2 46. f3 h6 47. Bxg6 Rb4+ 48. e4 dxe4 49. Bxe4 Nxe4 50. fxe4 Rb2 51. h4 Rf2+ 52. Kg4 Re2 53. Kf3 Re1 54. Rh7 Rf1+ 55. Ke2 Rg1 56. Kf2 1-0

[Event "33.Schlosspark-Open"]
[Site "Wiesbaden-Biebrich"]
[Date "2024.08.24"]
[Round "4.3"]
[White "Eull, Emil"]
[Black "Haack, Kevin"]
[Result "0-1"]
[WhiteElo "2151"]
[BlackElo "2306"]
[PlyCount "108"]
[EventDate "2024.08.22"]
[WhiteTeam "SF Neuberg"]
[BlackTeam "SV 1920 Hofheim"]

1. Nf3 Nf6 2. c4 Nc6 3. d4 e6 4. Nc3 Bb4 5. Bg5 h6 6. Bh4 Bxc3+ 7. bxc3 d6 8. e3 O-O 9. g4 g5 10. Bg3 Ne4 11. Bd3 Nxg3 12. hxg3 Kg7 13. Qc2 Rh8 14. O-O-O Na5 15. Nd2 Qe7 16. Nb3 Nc6 17. f4 Bd7 18. Rh5 f6 19. Rdh1 Nd8 20. Nd2 Nf7 21. Nf3 e5 22. Bf5 Bxf5 23. Qxf5 exf4 24. e4 fxg3 25. d5 c5 26. R5h3 Rae8 27. Nd2 Qe5 28. Qxe5 Nxe5 29. Rxg3 Kg6 30. Kd1 h5 31. gxh5+ Rxh5 32. Rxh5 Kxh5 33. Ke2 Kg6 34. Rg1 Rh8 35. Kf2 Rh2+ 36. Rg2 Rh1 37. Rg1 Nd3+ 38. Kg2 Rxg1+ 39. Kxg1 Nc1 40. e5 dxe5 41. Ne4 b6 42. a4 Kf7 43. Kf2 Nd3+ 44. Kf3 Nb2 45. Nd6+ Ke7 46. Nc8+ Kd7 47. Nxa7 Nxc4 48. Ke4 Nd6+ 49. Kf3 e4+ 50. Ke3 f5 51. Nc6 Nc4+ 52. Ke2 Kd6 53. Nd8 Kxd5 54. Nf7 g4 0-1

[Event "33.Schlosspark-Open"]
[Site "Wiesbaden-Biebrich"]
[Date "2024.08.24"]
[Round "4.4"]
[White "Musiienko, Tymur"]
[Black "Sydykov, Bayastan"]
[Result "1/2-1/2"]
[WhiteElo "2093"]
[BlackElo "2282"]
[PlyCount "128"]
[EventDate "2024.08.22"]
[WhiteTeam "Wiesbadener SV 1885"]
[BlackTeam "SK 1858 Gießen"]

1. e4 e6 2. d4 d5 3. Nc3 Nf6 4. Bg5 dxe4 5. Nxe4 Nbd7 6. Nf3 Be7 7. Nxf6+ Bxf6 8. h4 h6 9. Bxf6 Qxf6 10. Qe2 O-O 11. Qe4 Rd8 12. Bd3 c5 13. g4 cxd4 14. g5 Qf5 15. Qxf5 exf5 16. gxh6 gxh6 17. Rg1+ Kf8 18. O-O-O Nc5 19. Be2 Ne6 20. Bc4 Nf4 21. Rxd4 Rxd4 22. Nxd4 Be6 23. Nxe6+ fxe6 24. Kd2 Kf7 25. Ke3 Rc8 26. Bb3 Nh5 27. Re1 Kf6 28. f4 Ke7 29. c3 Rg8 30. Kf3 Rg3+ 31. Kf2 Rg6 32. Kf3 Ng7 33. Re2 Rg4 34. Rg2 h5 35. Bd1 Kf6 36. Rh2 e5 37. fxe5+ Kxe5 38. Kf2 Rf4+ 39. Ke3 Re4+ 40. Kf3 f4 41. Rg2 Re3+ 42. Kf2 Kf6 43. Bf3 b6 44. Rg5 Re5 45. Rxe5 Kxe5 46. Kg2 Nf5 47. Kh3 Ng3 48. Kg2 Kd6 49. Bd1 Ke5 50. Bc2 Ne2 51. Bg6 f3+ 52. Kxf3 Nf4 53. Bf7 Kf5 54. b4 Ke5 55. c4 Nd3 56. a3 Kf5 57. Bxh5 Ne5+ 58. Kg3 Nxc4 59. Be2 Nxa3 60. Bd3+ Kf6 61. Kf4 a5 62. b5 a4 63. Ke3 Kg7 64. Kd4 Kh6 1/2-1/2

[Event "33.Schlosspark-Open"]
[Site "Wiesbaden-Biebrich"]
[Date "2024.08.24"]
[Round "4.5"]
[White "Dietze, Frank"]
[Black "Lesny, Florian"]
[Result "0-1"]
[WhiteElo "2090"]
[BlackElo "2227"]
[PlyCount "94"]
[EventDate "2024.08.22"]
[WhiteTeam "Wiesbadener SV 1885"]
[BlackTeam "SK Bad Homburg 1927"]

1. d4 d5 2. c4 e6 3. Nf3 Nf6 4. Bg5 Be7 5. e3 h6 6. Bh4 O-O 7. Nc3 b6 8. Rc1 Bb7 9. Bd3 dxc4 10. Bxc4 a6 11. a3 Nbd7 12. O-O c5 13. Qe2 b5 14. Ba2 cxd4 15. exd4 Nb6 16. Rfd1 Nbd5 17. Bg3 Nxc3 18. Rxc3 Ne4 19. Re3 Nxg3 20. hxg3 Bf6 21. Ne5 Bd5 22. Bb1 g6 23. f4 Rc8 24. Qg4 Bg7 25. Kf2 Rc7 26. Qe2 Qd6 27. g4 Rfc8 28. Qd2 Qd8 29. Rh3 Ba2 30. Be4 f5 31. gxf5 gxf5 32. Bd3 Qxd4+ 33. Qe3 Qxb2+ 34. Rd2 Qxa3 35. Qg3 Qc5+ 36. Ke2 Bd5 37. Rxh6 Qg1 38. Rg6 b4 39. Bxa6 Ra8 40. Bd3 Ra1 41. Qf2 Qxf2+ 42. Kxf2 b3 43. Ke3 Ra2 44. Rd1 b2 45. Rb1 Rc1 46. Kd2 Rxb1 47. Bxb1 Ra1 0-1

[Event "33.Schlosspark-Open"]
[Site "Wiesbaden-Biebrich"]
[Date "2024.08.24"]
[Round "4.6"]
[White "Minor, Samuel"]
[Black "Pohle, Dirk"]
[Result "1/2-1/2"]
[WhiteElo "2204"]
[BlackElo "2108"]
[PlyCount "84"]
[EventDate "2024.08.22"]
[WhiteTeam "Wiesbadener SV 1885"]
[BlackTeam "Langenfelder SF 1933"]

1. e4 e5 2. Nf3 Nc6 3. Bc4 Nf6 4. d3 d5 5. exd5 Nxd5 6. O-O Bc5 7. Re1 O-O 8. Nbd2 Nb6 9. Bb3 Bg4 10. h3 Bh5 11. Ne4 Bd6 12. Bg5 Be7 13. Bxe7 Qxe7 14. Ng3 Bxf3 15. Qxf3 Qd7 16. Re4 Nd4 17. Qh5 Nxb3 18. Rh4 h6 19. axb3 Qe6 20. Re1 Nd7 21. Nf5 Kh7 22. Re3 Qf6 23. Rg4 Rg8 24. Rf3 g5 25. Ne3 Raf8 26. Rc4 Qe6 27. Rf5 c6 28. h4 f6 29. Ng4 Rg6 30. Ne3 Nb6 31. Rb4 c5 32. Re4 Rfg8 33. Qf3 Nd7 34. h5 R6g7 35. Ng4 Rf8 36. Ra4 Nb6 37. Rxa7 Nd5 38. Qe4 Kh8 39. Ne3 Ne7 40. Rf3 Nc6 41. Nf5 Nxa7 42. Nxg7 Kxg7 1/2-1/2

[Event "33.Schlosspark-Open"]
[Site "Wiesbaden-Biebrich"]
[Date "2024.08.24"]
[Round "4.7"]
[White "Metzdorf, Matteo"]
[Black "Meier, Volker"]
[Result "1/2-1/2"]
[WhiteElo "2098"]
[BlackElo "2197"]
[PlyCount "24"]
[EventDate "2024.08.22"]
[WhiteTeam "TSV Schott Mainz"]
[BlackTeam "SK Tarrasch 1945 München"]

1. e4 e5 2. Nf3 Nc6 3. Bb5 a6 4. Ba4 Nf6 5. d4 exd4 6. O-O Be7 7. e5 Ne4 8. Nxd4 Nxd4 9. Qxd4 Nc5 10. Nc3 O-O 11. Nd5 Nxa4 12. Qxa4 d6 1/2-1/2

[Event "33.Schlosspark-Open"]
[Site "Wiesbaden-Biebrich"]
[Date "2024.08.24"]
[Round "4.9"]
[White "Henrich, David"]
[Black "Wolf, Ulrich Martin"]
[Result "0-1"]
[WhiteElo "2035"]
[BlackElo "2189"]
[PlyCount "120"]
[EventDate "2024.08.22"]
[WhiteTeam "SK 1980 Gernsheim"]
[BlackTeam "SK Bad Homburg 1927"]

1. c4 f5 2. g3 Nf6 3. Bg2 g6 4. Nc3 Bg7 5. d3 d6 6. e4 Nc6 7. Nge2 O-O 8. O-O e5 9. Nd5 Nxd5 10. cxd5 Ne7 11. f4 c6 12. dxc6 Qb6+ 13. Kh1 Nxc6 14. Nc3 Be6 15. Nd5 Bxd5 16. exd5 Nd4 17. fxe5 Bxe5 18. Be3 Rac8 19. Rc1 Qxb2 20. Rb1 Qxa2 21. Ra1 Qc2 22. Rxa7 Rf7 23. Qb1 Qxb1 24. Rxb1 b5 25. Ra6 Rfc7 26. Bf1 Rc2 27. Bxd4 Bxd4 28. Rc6 R8xc6 29. dxc6 Rxc6 30. Rxb5 Rc1 31. Kg2 Rc2+ 32. Kh1 Rc1 33. Kg2 Rc2+ 34. Kh1 Rf2 35. Bg2 Rd2 36. Bf1 Kg7 37. Rb7+ Kh6 38. Rb4 Bc5 39. Rh4+ Kg7 40. Rc4 g5 41. Ra4 Kf6 42. Rc4 Ke5 43. Ra4 h6 44. Ra8 Rd1 45. Kg2 Rd2+ 46. Kh1 Rf2 47. Ra1 h5 48. Rd1 f4 49. gxf4+ gxf4 50. Bh3 Re2 51. Bg2 Re3 52. Be4 f3 53. Rf1 Kf4 54. Bg6 h4 55. Be4 Rxe4 56. dxe4 Kxe4 57. Ra1 Ke3 58. Ra4 Bd4 59. Ra3+ Ke2 60. Ra2+ Ke1 0-1

[Event "33.Schlosspark-Open"]
[Site "Wiesbaden-Biebrich"]
[Date "2024.08.24"]
[Round "4.10"]
[White "Burkart, Lloyd Shang"]
[Black "Surányi, Pál"]
[Result "0-1"]
[WhiteElo "2123"]
[BlackElo "2019"]
[PlyCount "194"]
[EventDate "2024.08.22"]
[WhiteTeam "SV 1920 Hofheim"]
[BlackTeam "SV 03/25 Koblenz"]

1. d4 d5 2. c4 e6 3. Nf3 a6 4. cxd5 exd5 5. Nc3 h6 6. Bf4 Nf6 7. e3 Bd6 8. Bd3 Bxf4 9. exf4 O-O 10. O-O Nc6 11. h3 Qd6 12. Qd2 Ne7 13. Rfe1 Bf5 14. Bxf5 Nxf5 15. Re5 Qd7 16. Rae1 Rae8 17. Qc2 Ne7 18. Qb3 b6 19. R5e3 Qd6 20. Qa3 c5 21. Qxa6 Ra8 22. dxc5 Qxc5 23. Qd3 Nc6 24. R3e2 Nb4 25. Qb1 Qc4 26. Rd1 Ne4 27. Re3 Nxc3 28. Rxc3 Qb5 29. a3 Nc6 30. Nd4 Nxd4 31. Rxd4 Rfe8 32. Rcd3 Re2 33. Rxd5 Qe8 34. Rd1 g6 35. Qc1 Kh7 36. R5d2 Re4 37. Qc7 b5 38. Qd7 Rxf4 39. Qxe8 Rxe8 40. Rd4 Rf6 41. Rd5 b4 42. R5d2 bxa3 43. bxa3 Ra8 44. Ra1 Rfa6 45. Rd3 h5 46. g3 Kg7 47. h4 Ra4 48. Kf1 R8a5 49. Ke2 Ra6 50. Kd2 Rf6 51. Ke3 Re6+ 52. Kd2 Rf6 53. f3 Rfa6 54. Kc2 Ra7 55. Kb2 Ra8 56. Rb3 R8a6 57. Rb4 R4a5 58. a4 Re5 59. Rc1 Raa5 60. Kb3 Red5 61. Rc3 Rd1 62. Kb2 Rd2+ 63. Ka3 Rd1 64. Rcc4 Ra1+ 65. Kb2 Rf1 66. Rb3 Re5 67. Ka3 Re2 68. Kb4 Ra2 69. Rcc3 Rd1 70. Ra3 Rb2+ 71. Kc4 Rd8 72. a5 Rc8+ 73. Kd4 Rd8+ 74. Kc5 Rc8+ 75. Kd6 Rd2+ 76. Rd3 Rd8+ 77. Kc7 R8xd3 78. Ra4 Rd7+ 79. Kc8 Rd8+ 80. Kb7 Rb2+ 81. Kc7 Rbb8 82. a6 Rdc8+ 83. Kd7 Rd8+ 84. Kc7 Rdc8+ 85. Kd7 Ra8 86. Ra3 Kf8 87. a7 Re8 88. Kc7 Re7+ 89. Kb6 Ke8 90. Ra4 f5 91. Ra3 Rd7 92. Ra4 Ke7 93. Ra3 Ke6 94. Ra2 f4 95. gxf4 Kf5 96. Ra4 Rg7 97. Rc4 Rgxa7 0-1

[Event "33.Schlosspark-Open"]
[Site "Wiesbaden-Biebrich"]
[Date "2024.08.24"]
[Round "4.11"]
[White "Eveleens, Wim"]
[Black "Kregelin, Jan"]
[Result "1/2-1/2"]
[WhiteElo "1999"]
[BlackElo "2122"]
[PlyCount "30"]
[EventDate "2024.08.22"]
[WhiteTeam "SV Amstel"]
[BlackTeam "FVS ASP Hoyerswerda"]

1. c4 c6 2. Nf3 d5 3. g3 Nf6 4. Bg2 Bf5 5. Qb3 Qb6 6. cxd5 cxd5 7. Nc3 Qxb3 8. axb3 Nc6 9. d3 e6 10. O-O a6 11. Be3 O-O-O 12. Bb6 Rd7 13. Nb5 Kb8 14. Nbd4 Nxd4 15. Nxd4 Bg6 1/2-1/2

[Event "33.Schlosspark-Open"]
[Site "Wiesbaden-Biebrich"]
[Date "2024.08.24"]
[Round "4.12"]
[White "Perske, Paul"]
[Black "Müller, Maximilian"]
[Result "1/2-1/2"]
[WhiteElo "2110"]
[BlackElo "1957"]
[PlyCount "101"]
[EventDate "2024.08.22"]
[WhiteTeam "Sfr.Heidesheim"]
[BlackTeam "SC 1928 Eppelborn"]

1. d4 Nf6 2. c4 e6 3. Nf3 Bb4+ 4. Bd2 Bxd2+ 5. Qxd2 d5 6. Nc3 O-O 7. e3 b6 8. cxd5 exd5 9. Bd3 Bb7 10. O-O Nbd7 11. Rac1 c5 12. b3 Qe7 13. Rfd1 Rac8 14. Bf5 Rcd8 15. Qc2 g6 16. Bxd7 Nxd7 17. dxc5 Nxc5 18. Nb5 a6 19. Nbd4 Rc8 20. Qb2 Ne4 21. Ne1 Rxc1 22. Rxc1 Rc8 23. Rxc8+ Bxc8 24. Qc2 Qc5 25. Nd3 Qxc2 26. Nxc2 Nc3 27. a4 Bf5 28. Nde1 a5 29. Nd4 Bd7 30. Nd3 Kf8 31. Kf1 Ke7 32. Ke1 b5 33. axb5 Nxb5 34. Nxb5 Bxb5 35. Nc5 Bc6 36. Kd2 Kd6 37. Nd3 a4 38. bxa4 Bxa4 39. Kc3 Bb5 40. Ne1 Kc5 41. Nf3 f6 42. Nd4 Bf1 43. g3 Bh3 44. Nb3+ Kd6 45. Kd4 g5 46. Nc5 Bg2 47. Na4 Bf3 48. Nc3 h6 49. Nb5+ Kc6 50. Nc3 Kd6 51. Nb5+ 1/2-1/2

[Event "33.Schlosspark-Open"]
[Site "Wiesbaden-Biebrich"]
[Date "2024.08.24"]
[Round "4.13"]
[White "Ohler, Julius"]
[Black "Fleckenstein, Lukas"]
[Result "1/2-1/2"]
[WhiteElo "2182"]
[BlackElo "1968"]
[PlyCount "76"]
[EventDate "2024.08.22"]
[WhiteTeam "SC Heimbach-Weis/Neuwied e.V."]
[BlackTeam "SK Niederbrechen 1948"]

1. c4 c6 2. g3 Nf6 3. Bg2 d5 4. Nf3 g6 5. Qa4 Bg7 6. cxd5 Nxd5 7. d4 O-O 8. O-O Bg4 9. Rd1 Nd7 10. e4 N5b6 11. Qc2 Rc8 12. Be3 Qe8 13. h3 Bxf3 14. Bxf3 e5 15. dxe5 Nxe5 16. Bg2 Nec4 17. Bd4 Rd8 18. Bxg7 Kxg7 19. Nc3 Qe5 20. Rac1 Qf6 21. b3 Na3 22. Qe2 Rxd1+ 23. Nxd1 Nb5 24. e5 Qe7 25. Nb2 Rd8 26. Nd3 Qa3 27. Re1 Nd4 28. Qb2 Qxb2 29. Nxb2 Nb5 30. Rd1 Re8 31. Nd3 Rd8 32. Bf1 Nc3 33. Rc1 Nbd5 34. Rc2 Nb5 35. Kg2 Nd4 36. Rc4 Nb6 37. Rc1 Nd5 38. Rc4 Nb6 1/2-1/2

[Event "33.Schlosspark-Open"]
[Site "Wiesbaden-Biebrich"]
[Date "2024.08.24"]
[Round "4.14"]
[White "Khenkin, Igor"]
[Black "Baranyai-Molnar, Adam-Kristof"]
[Result "1/2-1/2"]
[WhiteElo "2505"]
[BlackElo "2133"]
[PlyCount "61"]
[EventDate "2024.08.22"]
[WhiteTeam "Wiesbadener SV 1885"]
[BlackTeam "SF Neuberg"]

1. d4 f5 2. g3 Nf6 3. Bg2 d6 4. Nc3 d5 5. Nf3 e6 6. O-O Be7 7. e3 Nc6 8. Ne2 Ne4 9. c4 h5 10. h4 g5 11. cxd5 exd5 12. hxg5 Bxg5 13. Nf4 Bxf4 14. exf4 h4 15. Nxh4 Rxh4 16. gxh4 Qxh4 17. f3 Ng3 18. Re1+ Kf7 19. Qb3 Qf6 20. Be3 Ne7 21. Bf2 Nh5 22. Rxe7+ Qxe7 23. Qxd5+ Be6 24. Qe5 Qd6 25. Rc1 Qxe5 26. fxe5 c6 27. Bh4 Nf4 28. Bf1 Bxa2 29. Kf2 Bd5 30. Bf6 Rg8 31. b4 1/2-1/2

[Event "33.Schlosspark-Open"]
[Site "Wiesbaden-Biebrich"]
[Date "2024.08.24"]
[Round "4.15"]
[White "Schneider, Jörg"]
[Black "Hagner, Bennet"]
[Result "0-1"]
[WhiteElo "1995"]
[BlackElo "2311"]
[PlyCount "120"]
[EventDate "2024.08.22"]
[WhiteTeam "Sfr.Mainz 1928"]
[BlackTeam "OSG Baden-Baden"]

1. c4 Nf6 2. g3 e6 3. Nf3 b6 4. Bg2 Bb7 5. O-O Be7 6. b3 O-O 7. Bb2 d6 8. d4 Nbd7 9. Re1 c5 10. e3 Qc7 11. Nbd2 Rac8 12. Rc1 Qb8 13. Qc2 a6 14. Qb1 h6 15. Qa1 Rfd8 16. Red1 Bf8 17. Bf1 Bc6 18. Ne1 Qb7 19. Nd3 Ne4 20. Nxe4 Bxe4 21. Nf4 b5 22. h4 Rb8 23. Rd2 Rdc8 24. Nd3 b4 25. dxc5 Nxc5 26. Nxc5 Rxc5 27. Bd4 Rcc8 28. Kh2 a5 29. Bd3 Bf3 30. Qb1 Ra8 31. Be2 Bc6 32. Bd3 a4 33. e4 Ra5 34. Re2 Rca8 35. Bc2 e5 36. Bb2 a3 37. Ba1 Be7 38. Rf1 Re8 39. Qe1 Bd8 40. Bd3 g6 41. f4 Bb6 42. f5 gxf5 43. Rxf5 Bd7 44. Rf6 Re6 45. Qf1 Bc8 46. Re1 Qe7 47. Rxe6 Bxe6 48. Qf3 Ra8 49. Rf1 Kh7 50. Qh5 Rg8 51. Be2 Rg6 52. Rf5 Qc7 53. Bd3 Qc5 54. Qf3 Qg1+ 55. Kh3 Qxa1 56. g4 Kg8 57. c5 Bxc5 58. Bc4 Bxc4 59. bxc4 Qc3 60. Rxf7 Qxf3+ 0-1

[Event "33.Schlosspark-Open"]
[Site "Wiesbaden-Biebrich"]
[Date "2024.08.24"]
[Round "4.16"]
[White "Boidman, Yuri"]
[Black "Gentner, Markus"]
[Result "1-0"]
[WhiteElo "2253"]
[BlackElo "1960"]
[PlyCount "73"]
[EventDate "2024.08.22"]
[WhiteTeam "SC Heimbach-Weis/Neuwied e.V."]
[BlackTeam "SC Murrhardt 1948 e.V."]

1. e4 c6 2. c4 d5 3. exd5 Nf6 4. Nc3 cxd5 5. d4 Nc6 6. Nf3 Be6 7. cxd5 Bxd5 8. Nxd5 Nxd5 9. Bc4 e6 10. O-O Be7 11. Qe2 O-O 12. Rd1 Qd6 13. Bd3 Rfe8 14. Qe4 f5 15. Qe2 Bf6 16. Bc4 Rad8 17. g3 Kh8 18. Bg5 a6 19. Rac1 Rd7 20. Bxf6 gxf6 21. a3 Nce7 22. Re1 Ng6 23. Bxd5 Qxd5 24. Rc5 Qe4 25. Qxe4 fxe4 26. Rxe4 Kg7 27. d5 e5 28. Nd4 Ne7 29. Rc7 Rxc7 30. Ne6+ Kf7 31. Nxc7 Rd8 32. Rh4 Kg8 33. Rb4 b5 34. Nxa6 Rxd5 35. Nc7 Rc5 36. Nxb5 Nc6 37. Rg4+ 1-0

[Event "33.Schlosspark-Open"]
[Site "Wiesbaden-Biebrich"]
[Date "2024.08.24"]
[Round "4.17"]
[White "Mandalka, Justus"]
[Black "Ruppert, Wolfgang"]
[Result "1/2-1/2"]
[WhiteElo "1981"]
[BlackElo "2186"]
[PlyCount "132"]
[EventDate "2024.08.22"]
[WhiteTeam "SK Bad Homburg 1927"]
[BlackTeam "SC Flörsheim 1921"]

1. e4 e6 2. d4 d5 3. Nc3 Bb4 4. e5 c5 5. a3 Bxc3+ 6. bxc3 Nc6 7. Qg4 g6 8. Bd3 Qa5 9. Bd2 Qa4 10. Nf3 c4 11. Be2 Qxc2 12. h4 h6 13. h5 g5 14. Rc1 Qe4 15. Qg3 Nge7 16. Nh2 Nf5 17. Qf3 Qxf3 18. Bxf3 Nh4 19. Ng4 Nxf3+ 20. gxf3 Ne7 21. f4 gxf4 22. Bxf4 Nf5 23. a4 Bd7 24. Ra1 a5 25. Ke2 Kd8 26. Nf6 Bc6 27. Rhb1 Kc7 28. Bc1 Ra6 29. Ra2 Rb6 30. Rxb6 Kxb6 31. Ng4 Rg8 32. Kf3 Kc7 33. Ra1 Kb6 34. Bd2 Rh8 35. Rb1+ Ka6 36. Ra1 b6 37. Nf6 Rb8 38. Ng4 Rh8 39. Ra3 Nh4+ 40. Kg3 Nf5+ 41. Kf3 Kb7 42. Ra1 Kc7 43. Ra2 Kd8 44. Bc1 Kc7 45. Bd2 Rb8 46. Ra1 Kb7 47. Ra2 Ka6 48. Ke2 b5 49. axb5+ Bxb5 50. Nxh6 Nxh6 51. Bxh6 Rh8 52. Bg5 Rxh5 53. Bd8 a4 54. Be7 Rh1 55. Bb4 Rb1 56. Kd2 Kb7 57. Ba3 Kc6 58. Bf8 Rh1 59. Ke2 Rh3 60. Bb4 Kd7 61. Ra1 Ke8 62. Rg1 Kd8 63. Rg8+ Be8 64. Rg1 Rh5 65. Ba5+ Kc8 66. Bb4 Kd7 1/2-1/2

[Event "33.Schlosspark-Open"]
[Site "Wiesbaden-Biebrich"]
[Date "2024.08.24"]
[Round "4.18"]
[White "Kersten, Uwe"]
[Black "Bremer, Vincent"]
[Result "1-0"]
[WhiteElo "2179"]
[BlackElo "1955"]
[PlyCount "43"]
[EventDate "2024.08.22"]
[WhiteTeam "Sfr. Bad Emstal/Wolfhagen"]
[BlackTeam "TSG 1846 Bretzenheim/ZMO"]

1. e4 c5 2. Nf3 Nc6 3. Bb5 Nd4 4. Nxd4 cxd4 5. O-O a6 6. Bc4 e6 7. d3 b5 8. Bb3 Bb7 9. c3 Bc5 10. cxd4 Bxd4 11. Nd2 Qf6 12. Rb1 Ne7 13. Nf3 Bb6 14. Bg5 Qg6 15. Qd2 f6 16. Be3 Bxe3 17. Qxe3 O-O 18. Qb6 Rab8 19. Qd6 Qe8 20. Rbc1 Nc6 21. Nd4 Qe7 22. Rxc6 1-0

[Event "33.Schlosspark-Open"]
[Site "Wiesbaden-Biebrich"]
[Date "2024.08.24"]
[Round "4.19"]
[White "Muller-Moingt, Bastien"]
[Black "Jahnel, Günther"]
[Result "1/2-1/2"]
[WhiteElo "1957"]
[BlackElo "2166"]
[PlyCount "132"]
[EventDate "2024.08.22"]
[WhiteTeam "OSG Baden-Baden"]
[BlackTeam "FVS ASP Hoyerswerda"]

1. d4 Nf6 2. c4 g6 3. Nc3 Bg7 4. e4 O-O 5. Nf3 d6 6. Be2 Nbd7 7. O-O e5 8. Be3 Re8 9. d5 Nf8 10. b4 Nh5 11. c5 Nf4 12. Bb5 Bd7 13. cxd6 cxd6 14. Rc1 a6 15. Bxd7 Nxd7 16. g3 Nh5 17. Nd2 Bf8 18. Nb3 b6 19. Na4 Rb8 20. Rc6 Nhf6 21. f3 b5 22. Nb2 Nb6 23. Na5 Nfd7 24. Qe2 f5 25. Qc2 Kh8 26. Rd1 fxe4 27. fxe4 Be7 28. Rc3 Bg5 29. Bf2 Qf6 30. Rf1 Rf8 31. Qe2 Rbc8 32. Rc6 Rb8 33. Bxb6 Qxf1+ 34. Qxf1 Rxf1+ 35. Kxf1 Nxb6 36. Nd3 Be7 37. Rc7 Bd8 38. Rc6 Be7 39. Ke2 Kg8 40. h4 Kf8 41. Rc7 Rc8 42. Rxc8+ Nxc8 43. Nc6 Nb6 44. Nb8 Bd8 45. Nb2 a5 46. Na6 Kf7 47. Nb8 Nc8 48. a4 bxa4 49. Nxa4 g5 50. Nc6 Bc7 51. hxg5 Kg6 52. Kf3 Kxg5 53. Nxa5 Na7 54. Nc3 Bb6 55. Nc4 Bd4 56. Ne2 Nb5 57. Nxd6 Nxd6 58. Nxd4 exd4 59. e5 Nc4 60. Ke4 Nxe5 61. Kxd4 Nd7 62. Ke3 Kf5 63. b5 Kg4 64. Kf2 Kf5 65. Ke3 Ke5 66. Kf3 Kf5 1/2-1/2

[Event "33.Schlosspark-Open"]
[Site "Wiesbaden-Biebrich"]
[Date "2024.08.24"]
[Round "4.20"]
[White "Akhmatovski, Maxim"]
[Black "Faulhaber, Tobias"]
[Result "1-0"]
[WhiteElo "2078"]
[BlackElo "1931"]
[PlyCount "51"]
[EventDate "2024.08.22"]
[WhiteTeam "SV Oberursel"]
[BlackTeam "SC Schifferstadt"]

1. c4 e5 2. g3 Nf6 3. Bg2 d5 4. cxd5 Nxd5 5. Nf3 Nc6 6. O-O Be6 7. Nc3 Be7 8. d4 exd4 9. Nxd4 Nxd4 10. Bxd5 Nc6 11. Bxe6 fxe6 12. Qb3 Qc8 13. Rd1 O-O 14. Be3 b6 15. Rac1 Na5 16. Qa4 c5 17. Qg4 e5 18. Rd7 Nc6 19. Qe6+ Rf7 20. Nd5 Kf8 21. Rd1 Nd8 22. Qh3 Bf6 23. Nxf6 gxf6 24. Rxd8+ Qxd8 25. Rxd8+ Rxd8 26. Qe6 1-0

[Event "33.Schlosspark-Open"]
[Site "Wiesbaden-Biebrich"]
[Date "2024.08.24"]
[Round "4.21"]
[White "Mayer, Frank"]
[Black "Gundlach, Michael"]
[Result "1-0"]
[WhiteElo "1954"]
[BlackElo "2100"]
[PlyCount "58"]
[EventDate "2024.08.22"]
[WhiteTeam "Wiesbadener SV 1885"]
[BlackTeam "Sfr.Mainz 1928"]

1. e4 d6 2. d4 Nf6 3. Nc3 e5 4. Nf3 Nbd7 5. g4 g6 6. h3 Bg7 7. Be3 O-O 8. Qd2 Re8 9. Bg2 b5 10. dxe5 dxe5 11. g5 Nh5 12. O-O-O c6 13. Ne2 Bf8 14. Ng3 Nf4 15. Bf1 Qc7 16. Kb1 Nb6 17. Nxe5 Qxe5 18. Bxf4 Qe6 19. b3 Bb7 20. Be2 Rad8 21. Qc1 a5 22. Rxd8 Rxd8 23. Bc7 Rc8 24. Bxb6 c5 25. Bxa5 b4 26. Bg4 Qe5 27. Qb2 Qe8 28. Bxc8 Bxc8 29. Bc7 Bg7 1-0

[Event "33.Schlosspark-Open"]
[Site "Wiesbaden-Biebrich"]
[Date "2024.08.24"]
[Round "4.22"]
[White "Burkhardt, Jan"]
[Black "Windelband, Jens"]
[Result "1/2-1/2"]
[WhiteElo "1926"]
[BlackElo "2074"]
[PlyCount "81"]
[EventDate "2024.08.22"]
[WhiteTeam "Sfr.Mainz 1928"]
[BlackTeam "SG Aufbau Elbe Magdeburg"]

1. e4 e6 2. d4 d5 3. e5 c5 4. c3 Nc6 5. Nf3 Bd7 6. Bd3 cxd4 7. O-O Qb6 8. cxd4 Nxd4 9. Nxd4 Qxd4 10. Nc3 a6 11. Re1 Ne7 12. Be3 Qxe5 13. Bc5 Qc7 14. b4 d4 15. Bxd4 Nc6 16. Bc5 Bxc5 17. bxc5 O-O 18. Qh5 f5 19. Re3 Rf6 20. Qe2 Nd4 21. Qb2 Rh6 22. h3 Qxc5 23. Ne2 Nxe2+ 24. Bxe2 Bc6 25. Rc1 Qd6 26. Bc4 Re8 27. Rce1 Rg6 28. f3 Qc5 29. Qc3 Kh8 30. Kh1 e5 31. Rxe5 Rxe5 32. Rxe5 Qf2 33. Re2 Qg3 34. Qd3 Rd6 35. Qc2 h6 36. Bb3 Qf4 37. Qc5 Rd8 38. Re5 Qd2 39. Rxf5 Qd6 40. Qc3 Rf8 41. Rxf8+ 1/2-1/2

[Event "33.Schlosspark-Open"]
[Site "Wiesbaden-Biebrich"]
[Date "2024.08.24"]
[Round "4.23"]
[White "Schulze, Nick"]
[Black "Reschke, Thomas"]
[Result "0-1"]
[WhiteElo "1900"]
[BlackElo "2086"]
[PlyCount "84"]
[EventDate "2024.08.22"]
[WhiteTeam "SV Rochade Magdeburg 96"]
[BlackTeam "SC Frankfurt-West"]

1. e4 g6 2. d4 c6 3. Nc3 d5 4. e5 Bg7 5. f4 h5 6. Be3 Nh6 7. Qd2 Ng4 8. O-O-O b5 9. Kb1 a5 10. Nf3 Nxe3 11. Qxe3 Bg4 12. Bd3 e6 13. Rde1 Bxf3 14. Qxf3 a4 15. Ne2 Bf8 16. f5 gxf5 17. Nf4 Qg5 18. g3 h4 19. Bxb5 cxb5 20. Nxd5 exd5 21. e6 f4 22. Re5 Qd8 23. Rxd5 Bd6 24. exf7+ Kd7 25. Rxd6+ Kxd6 26. Qxa8 Nc6 27. Qxd8+ Rxd8 28. Rf1 hxg3 29. hxg3 Nxd4 30. Rxf4 Ne6 31. f8=Q+ Rxf8 32. Rxf8 Nxf8 33. a3 Ne6 34. b3 Kd5 35. Kc1 Ng5 36. g4 Kd4 37. b4 Kc3 38. Kb1 Nf3 39. Kc1 Kd4 40. Kb2 Nd2 41. g5 Nc4+ 42. Kc1 Ke5 0-1